000 01418cam a2200337 a 4500
001 000024520
005 20240513201349.0
008 850726s1996 mx 000 | spa d
020 _a970620847X
040 _aDO-SdBNP
_bspa
_cBNPHU
041 1 7 _aeng
_hspa
_2Código de idioma MARC
082 _a303
_bC678t
100 1 _aCohen, Ira J.
_950245
240 1 0 _aStructuration theory : Anthony Giddens and the constitution of social life.
_lEspañol
245 1 3 _aTeoría de la estructuración :
_bAnthony Giddens y la constitución de la vida social /
_cIra J. Cohen; traducción Ángel Carlos González Ruiz.
260 _aMéxico, D. F. :
_bUniversidad Autonoma Metropolitana,
_c1996.
300 _a353 p. ;
_c22 cm.
490 1 _aTradiciones Teóricas en las Ciencias Sociales.
534 _aTítulo original en inglés :
_tStructuration theory : Anthony Giddens and the constitution of social life.
500 _aIncluye índice de nombres : p. 343-346
500 _aIncluye índice de temas : p. 347-353
504 _aIncluye referencias bibliográficas: p. 334-342
600 1 4 _aGIDDENS, ANTHONY
_950246
650 4 _aEstructura social
_950247
650 0 _aSociología
_91061
650 0 _aCambio social
_91661
650 4 _aSociología
_xMetodología
_94575
700 1 _aGonzález Ruiz, Ángel Carlos
_etr.
_98969
830 0 _aTradiciones Teóricas en las Ciencias Sociales.
_950248
049 _aBNGR
999 _c24013
_d24013